The guidebook to membrane desalination technology: reverse osmosis, nanofiltration and hybrid systems process, design, applications and economics
Guardat en:
| Autor principal: | |
|---|---|
| Format: | Llibre |
| Idioma: | anglès |
| Publicat: |
Balaban Desalination Publications
2007
|
| Edició: | 1a. ed |
| Matèries: | |
| Etiquetes: |
Afegir etiqueta
Sense etiquetes, Sigues el primer a etiquetar aquest registre!
|
MARC
| LEADER | 00000cam a2200000 a 4500 | ||
|---|---|---|---|
| 001 | UCE0908 | ||
| 003 | CL-VaPUC | ||
| 008 | 140317e20070000it |||||||||||||||||eng|d | ||
| 020 | |a 0866890653 | ||
| 082 | 0 | 4 | |a 628.1674 |b WIL |2 21 |
| 100 | 0 | |a Wilf, Mark |e author |9 573302 | |
| 245 | 1 | 4 | |a The guidebook to membrane desalination technology: reverse osmosis, nanofiltration and hybrid systems process, design, applications and economics |
| 250 | |a 1a. ed | ||
| 300 | |a 524 p | ||
| 942 | |c BK | ||
| 945 | |d 20140317 10:17:00 |a dcastane | ||
| 260 | |b Balaban Desalination Publications |c 2007 | ||
| 650 | 0 | |a Tratamiento del agua |9 262889 | |
| 650 | 7 | |a DESALINIZACION |2 CL-VaPUC |9 479486 | |
| 650 | 7 | |a OSMOSIS |2 CL-VaPUC |9 313541 | |
| 650 | 0 | |a Membranas |9 334031 | |
| 583 | |a last modification |c 20140317 10:17:00 |k Rodrigo Vera | ||
| 999 | |c 354912 |d 354910 | ||
| 952 | |0 0 |1 0 |3 erd |4 0 |6 628_167400000000000_WIL_2007 |7 0 |8 A |9 461137 |a BIBALI |b BIBALI |c GEN |i 506080K |l 8 |m 1 |o 628.1674 WIL 2007 |p 506080K |r 2025-03-19 |s 2025-03-13 |w 2019-11-23 |y BK |z Catalogado en:20140317 |k ALI | ||